Groupes de 4 #1 - Statistiques

Statistiques générales
  • Ce quiz a été pris 34 841 fois
    25 521 depuis la dernière actualisation
  • Le résultat moyen est 37 sur 64
Statistiques - réponses
Indice Pays % Correct
Saisons Eté
100%
Saisons Hiver
100%
Saisons Automne
99%
Saisons Printemps
99%
Points cardinaux Est
98%
Points cardinaux Nord
98%
Points cardinaux Ouest
98%
Points cardinaux Sud
98%
Eléments Eau
96%
Eléments Feu
96%
Télétubbies Po
94%
Eléments Terre
94%
Capitales des Nations du Royaume-Uni Londres
92%
Eléments Air
91%
Objets lancés en athlétisme Javelot
86%
Objets lancés en athlétisme Poids
86%
Pays commençant par V Venezuela
86%
Couleurs d'un jeu de cartes Coeur
82%
Couleurs d'un jeu de cartes Pique
82%
Couleurs d'un jeu de cartes Trèfle
82%
Couleurs d'un jeu de cartes Carreau
81%
Pays commençant par V Vatican
80%
Présidents étatsuniens assassinés John Kennedy
77%
Objets lancés en athlétisme Disque
72%
Tennismen du Big Four Raphael Nadal
72%
Capitales des Nations du Royaume-Uni Edimbourg
65%
Télétubbies Laa-Laa
65%
Tennismen du Big Four Roger Federer
65%
Objets lancés en athlétisme Marteau
64%
Tennismen du Big Four Novak Djokovic
63%
Membres des Beatles John Lennon
60%
Pays commençant par V Vanuatu
59%
Tortues Ninja Donatello
58%
Tortues Ninja Raphaël
52%
Pays commençant par V Vietnam
51%
Tortues Ninja Michelangelo
50%
Capitales des Nations du Royaume-Uni Cardiff
49%
Présidents étatsuniens assassinés Abraham Lincoln
46%
Capitales des Nations du Royaume-Uni Belfast
45%
Tortues Ninja Leonardo
44%
Membres des Beatles Paul McCartney
43%
Evangélistes Jean
42%
Télétubbies Tinky Winky
41%
Quadruple alliance de 1815 Russie
40%
Présidents français morts en fonction Georges Pompidou
39%
Quadruple alliance de 1815 Royaume-Uni
38%
Télétubbies Dipsy
37%
Tennismen du Big Four Andy Murray
35%
Evangélistes Matthieu
34%
Quadruple alliance de 1815 Autriche
33%
Evangélistes Luc
31%
Evangélistes Marc
31%
Quadruple alliance de 1815 Prusse
31%
Grandes inventions de la Chine antique Poudre à canon
29%
Membres des Beatles Ringo Starr
28%
Grandes inventions de la Chine antique Papier
27%
Membres des Beatles George Harrison
21%
Présidents français morts en fonction Félix Faure
17%
Grandes inventions de la Chine antique Imprimerie
16%
Présidents français morts en fonction Marie-François Sadi-Carnot
12%
Présidents français morts en fonction Paul Doumer
10%
Grandes inventions de la Chine antique Boussole
9%
Présidents étatsuniens assassinés James Garfield
5%
Présidents étatsuniens assassinés William McKinley
5%
Aucun quiz correspondant
Distribution des résultats
% des personnes avec chaque résultat
Percentile par nombre de réponses
Votre historique - résultats
Vous n’avez pas pris ce quiz depuis la dernière actualisation